000 01559nab a22002897a 4500
999 _c5546
_d5546
003 OSt
005 20251215155824.0
008 190429b xxu||||| |||| 00| 0 spa d
040 _cPJ
100 _94594
_aAriza Clerici, Rodolfo
245 1 3 _aEl Sistema Interamericano de Derechos Humanos y su incidencia en materia penal /
_cRodolfo A. Ariza Clerici, Leandro A. Martínez.
260 _cCiudad Autónoma de Buenos Aires :
_aThomson Reuters La Ley,
_b2025.
300 _ap. 3-15
500 _aCita: AR/DOC/2821/2023.
505 _aSumario: I. Planteo.— II. Derechos Humanos y Derechos Constitucionales en el Sistema Interamericano y en el Sistema Argentino.— III. La sanción a los crímenes de lesa humanidad, el respeto de los derechos y de las garantías fundamentales en la Argentina y en el Sistema Interamericano.— IV. Crítica y reflexión acerca de la jurisprudencia de la Corte IDH.— V. Conclusión.
505 _tSi te interesa el texto completo, solicitalo a koha@justierradelfuego.gov.ar
650 0 _9343
_aDERECHO PENAL
650 0 _9614
_aDERECHOS HUMANOS
650 0 _93377
_aCORTE INTERAMERICANA DE DERECHOS HUMANOS
650 0 _9615
_aDERECHOS Y GARANTIAS CONSTITUCIONALES
650 0 _9180
_aDEBIDO PROCESO
650 0 _9586
_aDEFENSA EN JUICIO
650 0 _96334
_aCRÍMENES DE LESA HUMANIDAD
700 _96525
_aMartínez, Leandro A.
773 0 _02658
_93164
_tRevista de derecho penal y criminología. Nº 3 - Abril 2024
_dCiudad Autónoma de Buenos Aires : Thomson Reuters La Ley, 2017-
_x00347914
942 _2udc
_cANA